Countries Olivia Rodrigo Has Performed In - Statistics

General Stats
  • This quiz has been taken 99 times
    38 since last reset
  • The average score is 19 of 25
Answer Stats
Continent Country % Correct
Europe Germany
100%
Europe Italy
96%
Europe Spain
96%
Europe France
92%
North America United States
92%
North America Canada
88%
North America Mexico
88%
South America Argentina
85%
Asia Japan
85%
Europe United Kingdom
85%
Oceania Australia
81%
South America Brazil
81%
Asia South Korea
77%
Europe Belgium
73%
Europe Portugal
73%
Asia Philippines
69%
Asia Thailand
69%
South America Chile
65%
Europe Norway
65%
Europe Switzerland
65%
South America Colombia
62%
Europe Denmark
62%
Europe Ireland
62%
Europe Netherlands
58%
Asia Singapore
46%
No matching quizzes found
Score Distribution
Percent of People with Each Score
Percentile by Number Answered
Your Score History
You have not taken this quiz since the last reset